Biggest cities by language A-Z (Italian) - Statistics

General Stats
  • This quiz has been taken 40 times
  • The average score is 13 of 21
Answer Stats
Population Region Hint Answer % Correct
B 391,000 North Italy home to the oldest university in the Western world and the world’s longest porticos Bologna
97%
F 362,000 Central Italy cradle of the Renaissance Florence
95%
M 1.4 million North Italy financial and fashion capital, home to Da Vinci’s The Last Supper Milan
95%
N 908,000 South Italy birthplace of pizza Naples
95%
P 626,000 Mediterranean Islands known for its unique Arab-Norman architecture and its vibrant, world-famous street food markets Palermo
92%
G 565,000 North Italy birthplace of Christopher Columbus, culinary home of authentic Pesto Genoa
89%
R 2.7 million Central Italy “Eternal City” once the center of a vast empire and home to the Colosseum Rome
89%
T 857,000 North Italy home of FIAT, the National Museum of Cinema, and the mysterious Holy Shroud Turin
89%
V 255,000 North Italy setting for Shakespeare’s Romeo and Juliet Verona
89%
C 298,000 Mediterranean Islands rebuilt in a stunning “Black Baroque” style using volcanic lava stone Catania
66%
L 153,000 Central Italy famous for its “Venice District” (Venezia Nuova), a series of canals, and its unique fish stew called Cacciucco Livorno
58%
A 101,000 Central Italy major Adriatic port whose name comes from the Greek word for “elbow” Ancona
55%
S 126,000 South Italy home to the world's first medical school Salerno
55%
I 69,000 North Italy hosts the Emilia Romagna Grand Prix Imola
53%
E 54,000 South Italy buried by the eruption of Vesuvius in 79 AD and is often better preserved than its neighbor, Pompeii Ercolano
42%
O 62,000 Mediterranean Islands main gateway to the luxurious Costa Smeralda Olbia
42%
U 98,000 North Italy features the Loggia del Lionello and serves as a cultural hub for the Friulian language Udine
39%
J 40,000 Central Italy birthplace of the Holy Roman Emperor Frederick II Jesi
26%
Q 68,000 Mediterranean Islands famous for its salt pans where pink flamingos often nest Quartu Sant’Elena
24%
D 42,000 North Italy famous for a historic 1277 battle that established the Visconti family's rule over Milan Desio
21%
Z 19,000 North Italy “World Capital of Mortadella” and hosts an annual festival in its honor Zola Predosa
13%
No matching quizzes found
Score Distribution
Percent of People with Each Score
Percentile by Number Answered
Your Score History
You have not taken this quiz